Normal view
MARC view
- Alfabetización tecnológica
Entry Materia
001 - NÚMERO DE CONTROL DEL REGISTRO
- campo de control: 27655
003 - IDENTIFICADOR DE NUMERO DE CONTROL
- campo de control: UPN
005 - FECHA Y HORA DE LA ÚLTIMA TRANSACCIÓN
- campo de control: 20240208100752.0
008 - DATOS DE LONGITUD FIJA
- campo de control de longitud fija: 240208na|acznnbabn b |na |d
035 ## - NÚMERO DE CONTROL DEL SISTEMA
- Número de control del sistema: UPN10000027664
040 ## - FUENTE DE LA CATALOGACIÓN
- Lengua de catalogación: spa
- Centro catalogador de origen: MX-MxUPN
046 ## - FECHAS CON CODIFICACIÓN ESPECIAL
- Fecha final para contenidos agregados: 2023
150 ## - ENCABEZAMIENTO - TEMÁTICO
- Término de materia o nombre geográfico como elemento inicial: Alfabetización tecnológica
450 ## - VÉASE - MATERIA
- Encabezamiento temático: Technological literacy
670 ## - FUENTE EN LA QUE SE LOCALIZARON DATOS
- Cita de la fuente: LIBRUNAM AUTORIDADES, 08 de febrero de 2024:
- Enlace: https://librunam.dgb.unam.mx:8443/F/XMXV97X2Y45E6I8773E3TXDRFUYC413E5YUX1G83APGAL4YYDA-28108?func=find-acc&acc_sequence=001612425
- Información localizada: (Alfabetización tecnológica)
902 ## - CATALOGADOR
- Catalogador: MMA/281019
- Catalogador: MaríaRobles/080224
